000 00804nam a2200205Ii 4500
003 JO-AjNU
008 230605s9999||||xx |||||||||||||| ||und||
040 _aJO-AjNU
_bara
_erda
_cJO-AjNU
041 _aara
050 1 4 _aBP153 1997
100 3 _aتاليف زكريا الأنصاري، زكريا بن محمد؛ وضع حواشيه صلاح بن محمد بن عويضة,
_eauthor
_935158
245 0 0 _aمنهج الطلاب في فقه الإمام الشافعي رضى الله عنه
250 _aط1
264 3 1 _aبيروت: دار الكتب العلمية، 1997
300 _a205ص
336 _atext
_btxt
_2rdacontent
337 _aunmediated
_bn
_2rdamedia
338 _avolume
_bnc
_2rdacarrier
650 4 _aفقه شافعي - فقه مقارن - الفقه الاسلامي
_935159
999 _aA14486
_c18054
_d18054